The Beach - The Neighbourhood - All Lyrics - Statistics

General Stats
  • This quiz has been taken 341 times
  • The average score is 236 of 304
Answer Stats
Answer % Correct
I
99%
a
96%
to
96%
you
96%
You
96%
me,
91%
me
91%
pick-me-up
91%
If
88%
(If
88%
do
87%
do,
87%
do)
87%
that
86%
what
86%
and
85%
And
85%
told
85%
I'm
84%
the
84%
it
83%
say?
83%
can
82%
would
82%
Would
82%
don't
81%
sick,
81%
go
80%
need
80%
away?
79%
am
78%
loved
78%
on
77%
beach
76%
not
76%
Tell
76%
tired
76%
too
76%
hated
74%
admit,
72%
"friend”
71%
up
71%
with
71%
feel
70%
again,
69%
been
69%
callin'
69%
fireproof
69%
see
69%
burning
68%
Fallin'
68%
in
67%
I've
67%
I’ve
67%
Now
67%
now
67%
your
67%
lie,
66%
want
66%
we
66%
give
65%
hope
65%
everything
59%
here
59%
just
59%
Just
59%
cool
57%
think
57%
help
55%
look
55%
might
55%
relying
55%
out
54%
we're
52%
but
50%
burden
49%
underneath
49%
you're
49%
could
48%
meet
48%
at
47%
is
47%
know
47%
make
47%
murder
47%
open
47%
moving
46%
off
46%
off,
46%
Swim
46%
agree
44%
all
44%
middle,
44%
how
43%
us
43%
looking
42%
maybe
42%
little
40%
does
39%
shade,
38%
throw
37%
First
35%
threw
35%
what's
30%
No matching quizzes found
Score Distribution
Percent of People with Each Score
Percentile by Number Answered
Your Score History
You have not taken this quiz